| 000 | 00371nam a2200157Ia 4500 | ||
|---|---|---|---|
| 008 | 230711s9999||||xx |||||||||||||| ||und|| | ||
| 020 | _a81-261-0639-5 | ||
| 041 | _aENG | ||
| 082 | _a630 | ||
| 100 | _aRajan, S. Sundara | ||
| 245 | 0 | _aPlant Physiology | |
| 260 |
_c2000 _aNew Delhi _bAnmol Publication(P) Ltd. |
||
| 300 | _a521p. | ||
| 650 | _aAgriculture | ||
| 942 | _cBK | ||
| 999 |
_c7593 _d7593 |
||